Nadnárodný organizovaný zločin v EU diplomová práca

Na minha lista:
Detalhes bibliográficos
Autor principal: Palková, Dominika
Autor Corporativo: Fakulta medzinárodných vzťahov EU. Katedra medzinárodných ekonomických vzťahov a hospodárskej diplomacie
Outros Autores: Kunychka, Mykhaylo, 1990-
Formato: Livro
Idioma:eslovaco
Publicado em: Bratislava 2017
Tags: Adicionar Tag
Sem tags, seja o primeiro a adicionar uma tag!

MARC

LEADER 00000nbm a2200000 4500
001 0232007
005 20180220155159.8
041 0 |a slo 
044 |a SK 
245 1 0 |a Nadnárodný organizovaný zločin v EU  |b diplomová práca  |c Dominika Palková ; školiteľ: Mykhaylo Kunychka 
264 1 |a Bratislava  |c 2017 
300 |a 72 s. 
100 1 |a Palková, Dominika 
700 1 |a Kunychka, Mykhaylo, 1990- 
710 2 |a Fakulta medzinárodných vzťahov EU. Katedra medzinárodných ekonomických vzťahov a hospodárskej diplomacie